000
00252nam a2200097Ia 4500
008
230907s9999||||xx |||||||||||||| ||und||
082
_a
333.7387404,
_b
ECO
245
0
_a
Economic evaluation of climate change impacts /
300
_a
pages cm
942
_c
BK
999
_c
597549
_d
597549